[Event "Level op-B 4th"]
[Site "Level"]
[Date "2016.03.13"]
[Round "7"]
[White "Balint, Laszlo"]
[Black "Javorka, Janos"]
[Result "1-0"]
[WhiteElo "1670"]
[BlackElo "1431"]
[PlyCount "61"]
[EventDate "2016.03.11"]
[EventType "swiss"]
[EventRounds "9"]
[EventCountry "HUN"]
[SourceTitle "EXT 2017"]
[Source "ChessBase"]
[SourceDate "2016.10.25"]
[SourceVersion "1"]
[SourceVersionDate "2016.10.25"]
[SourceQuality "1"]

1. d4 g6 2. c4 Bg7 3. Nf3 Nf6 4. Nc3 0-0 5. Bg5 b6 6. e4 d6 7. Qd2 Bb7 8. d5 Bc8 9. h3 Re8 10. Be2 c6 11. 0-0 cxd5 12. cxd5 Nbd7 13. Bh6 Nc5 14. Bxg7 Kxg7 15. Qd4 Kg8 16. e5 dxe5 17. Nxe5 Be6 18. Rfd1 Bc8 19. Bb5 Bd7 20. Nc6 Qc7 21. Nxe7+ Rxe7 22. d6 Qd8 23. dxe7 Qxe7 24. Re1 Qd8 25. Rad1 Ne6 26. Qd6 Rc8 27. Bxd7 Nxd7 28. Qxd7 Qf8 29. Qxa7 Qb4 30. Qd7 Rd8 31. Qb5 1-0

[Event "Level op-B 4th"]
[Site "Level"]
[Date "2016.03.13"]
[Round "6"]
[White "Javorka, Janos"]
[Black "Boros, Krisztian"]
[Result "0-1"]
[WhiteElo "1431"]
[BlackElo "1514"]
[PlyCount "88"]
[EventDate "2016.03.11"]
[EventType "swiss"]
[EventRounds "9"]
[EventCountry "HUN"]
[SourceTitle "EXT 2017"]
[Source "ChessBase"]
[SourceDate "2016.10.25"]
[SourceVersion "1"]
[SourceVersionDate "2016.10.25"]
[SourceQuality "1"]

1. d4 d5 2. Nf3 Nc6 3. Nc3 Bf5 4. a3 Nf6 5. Bf4 h6 6. Nb5 Rc8 7. Ne5 Nxe5 8. Bxe5 a6 9. Nc3 e6 10. h3 Bd6 11. Bxd6 cxd6 12. e3 e5 13. Bd3 Be6 14. 0-0 0-0 15. f4 exd4 16. exd4 Bd7 17. Qf3 Qb6 18. Ne2 Rfe8 19. b4 Ne4 20. Kh2 Nd2 21. Qxd5 Nxf1+ 22. Rxf1 Qc6 23. Qh5 d5 24. g4 Qd6 25. g5 Bb5 26. gxh6 Qxh6 27. Qf3 Bxd3 28. Qxd3 Qe6 29. Rf2 Qe3 30. Qxe3 Rxe3 31. c3 Rce8 32. Ng3 Rxc3 33. Nf5 Rxa3 34. Rg2 g6 35. Nd6 Ree3 36. Nxb7 Rxh3+ 37. Kg1 Ra1+ 38. Kf2 Ra2+ 39. Kg1 Rxg2+ 40. Kxg2 Rb3 41. Nc5 Rxb4 42. Nxa6 Rxd4 43. Kf3 Kg7 44. Nc5 Kf6 0-1

[Event "Level op-B 4th"]
[Site "Level"]
[Date "2016.03.12"]
[Round "2"]
[White "Farkas, Roland"]
[Black "Javorka, Janos"]
[Result "0-1"]
[WhiteElo "1329"]
[BlackElo "1431"]
[PlyCount "100"]
[EventDate "2016.03.11"]
[EventType "swiss"]
[EventRounds "9"]
[EventCountry "HUN"]
[SourceTitle "EXT 2017"]
[Source "ChessBase"]
[SourceDate "2016.10.25"]
[SourceVersion "1"]
[SourceVersionDate "2016.10.25"]
[SourceQuality "1"]

1. e4 g6 2. d4 Bg7 3. Nf3 d6 4. Be2 Nf6 5. Nc3 b6 6. 0-0 Bb7 7. Bd3 0-0 8. Bf4 Nbd7 9. Qd2 Re8 10. Bg5 c5 11. Bb5 Rc8 12. d5 a6 13. Bxd7 Qxd7 14. Qf4 Nh5 15. Qe3 b5 16. b3 b4 17. Na4 Qc7 18. Rab1 e6 19. Qd2 exd5 20. exd5 Nf6 21. c4 bxc3 22. Nxc3 Ne4 23. Nxe4 Rxe4 24. Rfe1 Rce8 25. Qc2 Bxd5 26. Qd3 Rxe1+ 27. Rxe1 Rxe1+ 28. Nxe1 Qc6 29. h3 c4 30. bxc4 Qxc4 31. Qa3 Qc3 32. Qxc3 Bxc3 33. Nd3 Bxa2 34. Be7 d5 35. Nc5 Bc4 36. Na4 d4 37. Bf6 Ba1 38. f3 Bb5 39. Nc5 a5 40. Nb3 Bc3 41. Nxd4 Bxd4+ 42. Bxd4 Kf8 43. Bc5+ Ke8 44. Kf2 Kd7 45. Ke3 Ke6 46. Kd4 Bf1 47. g3 Bxh3 48. f4 Bg2 49. Kc4 Bc6 50. Ba3 Kf5 0-1

[Event "HUN-chT4a 1516"]
[Site "Hungary"]
[Date "2016.02.27"]
[Round "7.11"]
[White "Javorka, Janos"]
[Black "Erky, Tamas"]
[Result "0-1"]
[WhiteElo "1443"]
[BlackElo "1665"]
[PlyCount "84"]
[EventDate "2015.10.17"]
[EventType "team-tourn"]
[EventRounds "8"]
[EventCountry "HUN"]
[SourceTitle "EXT 2019"]
[Source "ChessBase"]
[SourceDate "2018.10.10"]
[SourceVersion "1"]
[SourceVersionDate "2018.10.10"]
[SourceQuality "1"]

1. d4 Nf6 2. Bf4 e6 3. Nf3 Be7 4. Nc3 a6 5. a3 0-0 6. e4 d5 7. e5 Nfd7 8. Bd3 c5 9. 0-0 Nc6 10. Be2 cxd4 11. Nxd4 Ndxe5 12. Nxc6 Nxc6 13. Bd3 e5 14. Bg3 d4 15. Ne2 Be6 16. f4 f6 17. Bh4 Bd5 18. Ng3 Qe8 19. Nf5 g6 20. Nxe7+ Nxe7 21. Qe2 Nc6 22. Rae1 Qd7 23. Bg3 Rae8 24. f5 e4 25. Bc4 b5 26. Bxd5+ Qxd5 27. fxg6 hxg6 28. Qg4 Kg7 29. Rf4 Ne5 30. Qe2 f5 31. Rh4 Nc4 32. c3 d3 33. Qf2 d2 34. Rd1 e3 35. Qe2 Re4 36. Bf4 Nxb2 37. Bh6+ Kf7 38. Rxe4 Qxe4 39. Bxf8 Nxd1 40. Bb4 Nxc3 41. Bxc3 Qb1+ 42. Qf1 d1Q 0-1

[Event "HUN-chT4a 1516"]
[Site "Hungary"]
[Date "2016.02.27"]
[Round "8.15"]
[White "Kelemen, Zsofi"]
[Black "Javorka, Janos"]
[Result "1-0"]
[WhiteElo "1183"]
[BlackElo "1443"]
[PlyCount "85"]
[EventDate "2015.10.17"]
[EventType "team-tourn"]
[EventRounds "8"]
[EventCountry "HUN"]
[SourceTitle "EXT 2019"]
[Source "ChessBase"]
[SourceDate "2018.10.10"]
[SourceVersion "1"]
[SourceVersionDate "2018.10.10"]
[SourceQuality "1"]

1. d4 g6 2. e3 Bg7 3. Bd3 d5 4. f4 Nf6 5. Nh3 Bxh3 6. gxh3 Qd7 7. Qf3 Nc6 8. Bd2 0-0-0 9. Na3 a6 10. 0-0-0 Qd6 11. Rhg1 Nb4 12. Bxb4 Qxb4 13. c3 Qa4 14. Bc2 Qa5 15. h4 b5 16. Bb3 e6 17. Nc2 Ne4 18. Rd3 Qb6 19. Nb4 c5 20. dxc5 Nxc5 21. Rd2 a5 22. Nd3 Nxd3+ 23. Rxd3 b4 24. Qh3 f5 25. Ba4 Kb8 26. Rgd1 Rc8 27. Kc2 Ka7 28. Rb1 Rb8 29. Qg3 bxc3 30. b3 d4 31. h3 Qc5 32. Qf2 Qa3 33. Kd1 Qc5 34. Kc2 e5 35. fxe5 Bxe5 36. exd4 Bxd4 37. Rxd4 Rhd8 38. Rd7+ Kb6 39. Qxc5+ Kxc5 40. Rc7+ Kb4 41. a3+ Kxa3 42. Ra1+ Kb4 43. Rc4# 1-0

[Event "HUN-chT4a 1516"]
[Site "Hungary"]
[Date "2015.11.28"]
[Round "4.11"]
[White "Javorka, Janos"]
[Black "Hegedus, Pal"]
[Result "0-1"]
[WhiteElo "1443"]
[BlackElo "1557"]
[PlyCount "104"]
[EventDate "2015.10.17"]
[EventType "team-tourn"]
[EventRounds "8"]
[EventCountry "HUN"]
[SourceTitle "EXT 2019"]
[Source "ChessBase"]
[SourceDate "2018.10.10"]
[SourceVersion "1"]
[SourceVersionDate "2018.10.10"]
[SourceQuality "1"]

1. d4 d5 2. Bf4 Nf6 3. Nc3 Bf5 4. Nb5 Na6 5. e3 c6 6. Nc3 Nc7 7. Nf3 Nh5 8. Bxc7 Qxc7 9. Ne5 Nf6 10. Bd3 Ne4 11. Qf3 e6 12. Bxe4 dxe4 13. Nxe4 f6 14. Nc4 Be7 15. g4 Bg6 16. h4 0-0-0 17. 0-0-0 Rhf8 18. Qe2 Bxe4 19. f3 Bg6 20. h5 Bf7 21. Qd3 g6 22. e4 e5 23. Qc3 Rxd4 24. Rxd4 exd4 25. Qxd4 c5 26. Qe3 g5 27. Qc3 b5 28. Ne3 b4 29. Qd3 c4 30. Qe2 Rd8 31. Rd1 Rxd1+ 32. Qxd1 Qc5 33. Nf5 Bf8 34. Qd4 Qxd4 35. Nxd4 Bc5 36. c3 Bxd4 37. cxd4 Kd7 38. Kc2 a5 39. Kd2 a4 40. Kc2 Kd6 41. Kd2 h6 42. Ke3 a3 43. bxa3 b3 44. axb3 cxb3 45. Kd3 Bc4+ 46. Kc3 b2 47. Kxb2 Be2 48. Kc3 Bxf3 49. Kd3 Bxg4 50. a4 Bxh5 51. a5 Be8 52. a6 Bb5+ 0-1

[Event "HUN-chT4a 1314"]
[Site "Hungary"]
[Date "2013.11.16"]
[Round "3.4"]
[White "Javorka, Janos"]
[Black "Nagy, Laszlo"]
[Result "1-0"]
[WhiteElo "1433"]
[BlackElo "1923"]
[PlyCount "63"]
[EventDate "2013.09.28"]
[EventType "team-tourn"]
[EventRounds "9"]
[EventCountry "HUN"]
[SourceTitle "EXT 2016"]
[Source "ChessBase"]
[SourceDate "2015.10.08"]
[SourceVersion "1"]
[SourceVersionDate "2015.10.08"]
[SourceQuality "1"]

1. d4 d5 2. Bf4 a6 3. Nf3 Nc6 4. e3 h6 5. h3 Nf6 6. Bd3 Nb4 7. a3 Nxd3+ 8. Qxd3 Ne4 9. Nbd2 Bf5 10. Qb3 b5 11. Nxe4 Bxe4 12. 0-0 Bxf3 13. gxf3 e6 14. Qd3 Bd6 15. Bg3 h5 16. Kh2 h4 17. Bxd6 Qxd6+ 18. Kh1 c6 19. Rg1 g6 20. e4 0-0-0 21. e5 Qe7 22. b3 Rh5 23. c4 Kd7 24. a4 Qb4 25. axb5 axb5 26. cxb5 cxb5 27. Ra7+ Ke8 28. Qe3 Kf8 29. Qf4 Rh7 30. Rxg6 Qxb3 31. Qg5 Qxf3+ 32. Kg1 1-0

[Event "Mosonmagyarovar op 2nd"]
[Site "Mosonmagyarovar"]
[Date "2013.06.01"]
[Round "4"]
[White "Javorka, Janos"]
[Black "Erky, Tamas"]
[Result "0-1"]
[WhiteElo "1464"]
[BlackElo "1559"]
[PlyCount "112"]
[EventDate "2013.05.31"]
[EventType "swiss"]
[EventRounds "7"]
[EventCountry "HUN"]
[SourceTitle "EXT 2014"]
[Source "ChessBase"]
[SourceDate "2013.11.20"]
[SourceVersion "1"]
[SourceVersionDate "2013.11.20"]
[SourceQuality "1"]

1. d4 d5 2. Bf4 e6 3. Nc3 Nf6 4. Nb5 Bd6 5. Nxd6+ cxd6 6. Bg5 h6 7. Bh4 Nbd7 8. e3 0-0 9. Bd3 b6 10. Nf3 Bb7 11. 0-0 Rc8 12. c3 Re8 13. Re1 e5 14. dxe5 dxe5 15. Bb5 Qc7 16. Bxf6 gxf6 17. Nh4 Bc6 18. Qg4+ Kh7 19. Qf5+ Kg7 20. Bxc6 Qxc6 21. Qh5 Rh8 22. Nf5+ Kf8 23. Nxh6 Qe6 24. f4 f5 25. Qxf7+ Qxf7 26. Nxf7 Kxf7 27. Rad1 Ke6 28. g3 e4 29. Rd2 Nc5 30. Red1 Nd3 31. Rxd3 exd3 32. Rxd3 Rh7 33. Rd2 b5 34. a3 a5 35. Kg2 Rc4 36. h3 b4 37. axb4 axb4 38. cxb4 Rxb4 39. g4 Rb3 40. Re2 Rhb7 41. g5 Rxb2 42. Rxb2 Rxb2+ 43. Kg3 Rb3 44. Kf2 Kf7 45. h4 Kg6 46. Ke2 Kh5 47. Kd2 Kxh4 48. g6 Rb7 49. Kd3 Kh5 50. Kd4 Kxg6 51. Kxd5 Kf6 52. Kd4 Ke6 53. Kc4 Rd7 54. Kc5 Rd3 55. Kc4 Rxe3 56. Kd4 Re4+ 0-1